• 首页
  • 本馆介绍
  • 公告通知
  • 最新文献
  • 馆藏检索
  • 电子资源
  • 读者导购
  • 参考咨询
  • 我的图书馆
  • 登录
  • 详细信息显示
  • 放入我的书架
  • 预约/预借图书
  • 作者相关作品
  • 分类相关作品
  • 丛书相关作品
  • 出版社相关作品

书目信息

  • 表格格式
  • 工作单格式
  • 卡片格式
题名:
地下星空
    
 
作者: 杨泓 著
分册:  
出版信息: 广州   花城出版社  1981
页数: 221页
开本: 19cm
丛书名: 《随笔》丛书
单 册:
中图分类: K87-49
科图分类:
主题词: 考古-文物--中国--通俗读物 , 文物-考古--中国--通俗读物
电子资源:
ISBN:
000 00685nam2 2200265 45
001 0181009834
005 20060724094221.06
010    @dCNY0.56
091    @aCN@b10261.10
100    @a19950606d1981 emky0chiy0121 ea
101 0  @achi
102    @aCN@b440000
105    @ay z 000yy
200 10 @a地下星空@Adi xia xing kong@f杨泓著
210    @a广州@c花城出版社@d1981
215    @a221页@d19cm
225 2  @a《随笔》丛书
410  0 @120012@a《随笔》丛书
606    @a考古-文物@y中国@x通俗读物
606    @a文物-考古@y中国@x通俗读物
690    @aK87-49@v3
701  0 @a杨泓@Ayang hong@4著
801  2 @aCN@bNLC@c20060724
801  0 @aCN@bTSSF
905    @a10447@dK87-49@e181
    
    地下星空/杨泓著.-广州:花城出版社,1981
    221页;19cm.-(《随笔》丛书)
    
    
    ISBN :CNY0.56
    
●
相关链接 在E读中查询图书 在五车中查询图书 在当当中查询图书 在豆瓣中查询图书


正题名:地下星空     索取号:K87-49/181         预约/预借

序号 登录号 条形码 馆藏地/架位号 状态 备注
1 0435795   204357953   密集书库/ [索取号:K87-49/181] 在馆    
2 0435796   204357962   密集书库/ [索取号:K87-49/181] 在馆    
唐山师范学院图书馆 欢迎您!
大连网信软件有限公司© 版权所有